[Event "43. Olimpiada Batumi 2018 Femenina"]
[Site "Batumi GEO"]
[Date "2018.10.02"]
[Round "8.1"]
[White "Ju, Wenjun"]
[Black "Bulmaga, Irina"]
[Result "1-0"]
[WhiteElo "2561"]
[BlackElo "2394"]
[PlyCount "123"]
[EventDate "2018.09.24"]
[EventType "team-swiss"]
[EventRounds "11"]
[EventCountry "GEO"]
[SourceTitle "Ajedrez en Madrid"]
[Source "lmi"]
[SourceDate "2018.09.24"]
[WhiteTeam "China"]
[BlackTeam "Romania"]
[WhiteTeamCountry "CHN"]
[BlackTeamCountry "ROU"]

1. e4 c5 2. Nf3 d6 3. Bb5+ Nd7 4. O-O a6 5. Bd3 Ngf6 6. Re1 b5 7. c4 b4 8. a3
bxa3 9. Rxa3 e5 10. Nc3 g6 11. Bf1 Bg7 12. d3 O-O 13. Bd2 h6 14. Qa1 Nb8 15.
Na2 Nc6 16. b4 Bg4 17. Be2 Nd7 18. Qc1 Bxf3 19. Bxf3 Nd4 20. Bd1 Kh7 21. Ba4 f5
22. exf5 gxf5 23. Be3 f4 24. Bxd4 exd4 25. Bc6 f3 26. Be4+ Kg8 27. Bd5+ Kh7 28.
Be4+ Kh8 29. Bxa8 Qxa8 30. g3 Ne5 31. bxc5 Qc8 32. Re4 dxc5 33. Rxe5 Qh3 34.
Qf1 Qxf1+ 35. Kxf1 Bxe5 36. Nc1 Rb8 37. Nb3 a5 38. Nd2 Rb2 39. Nxf3 Bc7 40. Ke1
Kg7 41. Nd2 Kg6 42. Kd1 Kf5 43. Kc1 Rb8 44. h3 h5 45. Ne4 h4 46. Nxc5 hxg3 47.
fxg3 Bxg3 48. Rxa5 Kf4 49. Ne4 Bh4 50. Kc2 Rg8 51. Ra1 Rg2+ 52. Kb3 Ke3 53. Rd1
Bg5 54. h4 Bh6 55. Nc5 Bf8 56. Ne6 Bh6 57. c5 Ke2 58. Rb1 Kxd3 59. c6 Rg3 60.
c7 Ke4+ 61. Kb4 Bd2+ 62. Kb5 1-0

[Event "43. Olimpiada Batumi 2018 Femenina"]
[Site "Batumi GEO"]
[Date "2018.10.02"]
[Round "8.2"]
[White "Peptan, Corina-Isabela"]
[Black "Huang, Qian"]
[Result "1/2-1/2"]
[WhiteElo "2374"]
[BlackElo "2446"]
[PlyCount "83"]
[EventDate "2018.09.24"]
[EventType "team-swiss"]
[EventRounds "11"]
[EventCountry "GEO"]
[SourceTitle "Ajedrez en Madrid"]
[Source "lmi"]
[SourceDate "2018.09.24"]
[WhiteTeam "Romania"]
[BlackTeam "China"]
[WhiteTeamCountry "ROU"]
[BlackTeamCountry "CHN"]

1. c4 c5 2. Nf3 Nc6 3. Nc3 g6 4. e3 Nf6 5. d4 cxd4 6. exd4 d5 7. cxd5 Nxd5 8.
Qb3 e6 9. Bb5 Bg7 10. Nxd5 exd5 11. O-O O-O 12. Bxc6 bxc6 13. Bf4 Qb6 14. Qc3
Bf5 15. Rac1 Rfe8 16. Rfe1 Rxe1+ 17. Rxe1 Bf8 18. a3 Rc8 19. Qd2 f6 20. h3 Qb7
21. Nh2 c5 22. dxc5 Rxc5 23. Bh6 Bxh6 24. Qxh6 Rc8 25. Qd2 Rc2 26. Qe3 Rc8 27.
b4 Qb6 28. Qb3 Be6 29. Nf3 Kf7 30. Qd3 Rc4 31. Rd1 a5 32. bxa5 Qxa5 33. Nd4 Bd7
34. Nb3 Qxa3 35. Qxd5+ Be6 36. Qb7+ Qe7 37. Qf3 Qb4 38. Nd2 Rd4 39. Nf1 Rxd1
40. Qxd1 Qb3 41. Qc1 Qc4 42. Qxc4 1/2-1/2

[Event "43. Olimpiada Batumi 2018 Femenina"]
[Site "Batumi GEO"]
[Date "2018.10.02"]
[Round "8.3"]
[White "Lei, Tingjie"]
[Black "Cosma, Elena-Luminita"]
[Result "1-0"]
[WhiteElo "2468"]
[BlackElo "2328"]
[PlyCount "63"]
[EventDate "2018.09.24"]
[EventType "team-swiss"]
[EventRounds "11"]
[EventCountry "GEO"]
[SourceTitle "Ajedrez en Madrid"]
[Source "lmi"]
[SourceDate "2018.09.24"]
[WhiteTeam "China"]
[BlackTeam "Romania"]
[WhiteTeamCountry "CHN"]
[BlackTeamCountry "ROU"]

1. e4 e6 2. d4 d5 3. Nc3 Nf6 4. Bg5 Be7 5. e5 Nfd7 6. h4 Bxg5 7. hxg5 Qxg5 8.
Nh3 Qe7 9. Qg4 g6 10. Ng5 h5 11. Qf4 Nc6 12. O-O-O Nf8 13. g4 Nh7 14. Nxh7 Rxh7
15. Bg2 Rh8 16. Bxd5 Bd7 17. Bf3 O-O-O 18. gxh5 gxh5 19. Rxh5 Rxh5 20. Bxh5 Rh8
21. Bg4 Qh4 22. d5 Nb8 23. dxe6 fxe6 24. Ne4 Qh6 25. Qxh6 Rxh6 26. Nf6 c5 27.
Rxd7 Nxd7 28. Bxe6 Kd8 29. Bxd7 Rh2 30. f4 Rf2 31. f5 Ke7 32. Kd1 1-0

[Event "43. Olimpiada Batumi 2018 Femenina"]
[Site "Batumi GEO"]
[Date "2018.10.02"]
[Round "8.4"]
[White "Cosman, Andreea-Marioara"]
[Black "Zhai, Mo"]
[Result "0-1"]
[WhiteElo "2157"]
[BlackElo "2351"]
[PlyCount "78"]
[EventDate "2018.09.24"]
[EventType "team-swiss"]
[EventRounds "11"]
[EventCountry "GEO"]
[SourceTitle "Ajedrez en Madrid"]
[Source "lmi"]
[SourceDate "2018.09.24"]
[WhiteTeam "Romania"]
[BlackTeam "China"]
[WhiteTeamCountry "ROU"]
[BlackTeamCountry "CHN"]

1. d4 Nf6 2. c4 e6 3. Nf3 Bb4+ 4. Bd2 Qe7 5. g3 Bxd2+ 6. Nbxd2 d6 7. e4 e5 8.
d5 a5 9. Bg2 O-O 10. O-O Na6 11. Ne1 Bg4 12. f3 Bd7 13. Nd3 c6 14. Rc1 Rfc8 15.
Qe2 cxd5 16. exd5 b5 17. b3 Qd8 18. Kh1 Qb6 19. f4 exf4 20. Rxf4 Re8 21. Qf1
Qe3 22. Nf3 bxc4 23. bxc4 Nb4 24. Nf2 Nxa2 25. Re1 Qc3 26. Ra1 Nb4 27. Rc1 Qb2
28. Nd4 Qd2 29. Rd1 Qe3 30. Nf5 Qe5 31. Nd4 Qe3 32. Nf5 Bxf5 33. Rxf5 Qe2 34.
Qg1 a4 35. Bf3 Qc2 36. Rf4 a3 37. Rc1 Qxc1 38. Qxc1 a2 39. Qa1 Nc2 0-1

[Event "43. Olimpiada Batumi 2018 Femenina"]
[Site "Batumi GEO"]
[Date "2018.10.02"]
[Round "8.1"]
[White "Zatonskih, Anna"]
[Black "Zimina, Olga"]
[Result "1/2-1/2"]
[WhiteElo "2431"]
[BlackElo "2421"]
[PlyCount "92"]
[EventDate "2018.09.24"]
[EventType "team-swiss"]
[EventRounds "11"]
[EventCountry "GEO"]
[SourceTitle "Ajedrez en Madrid"]
[Source "lmi"]
[SourceDate "2018.09.24"]
[WhiteTeam "United States of America"]
[BlackTeam "Italy"]
[BlackTeamCountry "ITA"]

1. d4 d5 2. c4 c6 3. cxd5 cxd5 4. Bf4 Nc6 5. e3 Nf6 6. Nc3 Bg4 7. Qb3 Na5 8.
Qa4+ Bd7 9. Qc2 e6 10. Bd3 Rc8 11. Nf3 Bb4 12. O-O O-O 13. Rfc1 b5 14. Ne5 Be8
15. Bg5 Be7 16. Qe2 a6 17. Rc2 Nc4 18. Nd1 h6 19. Bh4 Nd7 20. Bxe7 Qxe7 21. b3
Ndxe5 22. dxe5 Bd7 23. f4 Na3 24. Rxc8 Rxc8 25. Qd2 Qc5 26. Qa5 b4 27. Qxc5
Rxc5 28. Bxa6 Bb5 29. Bxb5 Nxb5 30. Kf1 Rc2 31. h3 h5 32. Rb1 h4 33. Nf2 Nc3
34. Ra1 Nxa2 35. Nd3 Rd2 36. Ne1 g6 37. Nf3 Rc2 38. Nxh4 Rc1+ 39. Rxc1 Nxc1 40.
Nf3 Nxb3 41. Ke2 Na5 42. Kd3 Nc4 43. Nd4 Nb2+ 44. Kc2 Nc4 45. Kd3 Nb2+ 46. Kc2
Nc4 1/2-1/2

[Event "43. Olimpiada Batumi 2018 Femenina"]
[Site "Batumi GEO"]
[Date "2018.10.02"]
[Round "8.2"]
[White "Sedina, Elena"]
[Black "Krush, Irina"]
[Result "0-1"]
[WhiteElo "2267"]
[BlackElo "2423"]
[PlyCount "146"]
[EventDate "2018.09.24"]
[EventType "team-swiss"]
[EventRounds "11"]
[EventCountry "GEO"]
[SourceTitle "Ajedrez en Madrid"]
[Source "lmi"]
[SourceDate "2018.09.24"]
[WhiteTeam "Italy"]
[BlackTeam "United States of America"]
[WhiteTeamCountry "ITA"]

1. e4 c5 2. Nf3 d6 3. Bb5+ Nd7 4. d4 Ngf6 5. O-O cxd4 6. Qxd4 a6 7. Bxd7+ Bxd7
8. c4 g6 9. Nc3 Bg7 10. a4 O-O 11. Bg5 Rc8 12. Qd3 Be6 13. b3 Nd7 14. Rac1 Nc5
15. Qb1 Qb6 16. Nd2 Bxc3 17. Rxc3 Qb4 18. Rfc1 f6 19. Bh6 Rfe8 20. Nf1 b5 21.
axb5 axb5 22. Ne3 bxc4 23. Nxc4 Rb8 24. Nd2 Bxb3 25. Be3 Be6 26. Qxb4 Rxb4 27.
Bxc5 dxc5 28. Rxc5 Rd8 29. Nf1 Rxe4 30. f3 Ra4 31. R5c2 Kf7 32. Kf2 h5 33. Re1
Rd7 34. Rce2 Bc4 35. Rc2 e5 36. Nd2 Bd3 37. Rb2 g5 38. h3 h4 39. Ne4 Rc7 40.
Rd2 Rc2 41. Rxc2 Bxc2 42. Nc3 Rd4 43. Re2 Bf5 44. Rb2 Kg6 45. Ne2 Rc4 46. Ke3
Ra4 47. Kf2 Ra3 48. Rd2 Bd3 49. Nc1 Ba6 50. Na2 Rb3 51. Nc1 Rb1 52. Rc2 Kf5 53.
Ke3 Bb5 54. Na2 Ba4 55. Rd2 Rb3+ 56. Kf2 Bb5 57. Nc1 Rb1 58. Rc2 Kf4 59. Ne2+
Bxe2 60. Rxe2 f5 61. Ra2 e4 62. fxe4 fxe4 63. Ra5 Rb2+ 64. Kf1 e3 65. Ra3 Kg3
66. Rxe3+ Kh2 67. Ra3 Rxg2 68. Rb3 Rg3 69. Rb5 Kxh3 70. Kf2 g4 71. Rb4 Kh2 72.
Rf4 h3 73. Ke1 Rg1+ 0-1

[Event "43. Olimpiada Batumi 2018 Femenina"]
[Site "Batumi GEO"]
[Date "2018.10.02"]
[Round "8.3"]
[White "Abrahamyan, Tatev"]
[Black "Di Benedetto, Desiree"]
[Result "1-0"]
[WhiteElo "2361"]
[BlackElo "2321"]
[PlyCount "51"]
[EventDate "2018.09.24"]
[EventType "team-swiss"]
[EventRounds "11"]
[EventCountry "GEO"]
[SourceTitle "Ajedrez en Madrid"]
[Source "lmi"]
[SourceDate "2018.09.24"]
[WhiteTeam "United States of America"]
[BlackTeam "Italy"]
[BlackTeamCountry "ITA"]

1. e4 c5 2. Nf3 e6 3. d4 cxd4 4. Nxd4 Nc6 5. Nc3 Qc7 6. f4 a6 7. Nxc6 bxc6 8.
Bd3 d5 9. Qe2 Nf6 10. O-O Be7 11. Bd2 O-O 12. Rae1 g6 13. Kh1 dxe4 14. Nxe4
Nxe4 15. Bxe4 a5 16. Rf3 Ba6 17. Qf2 Rad8 18. Bc3 Rfe8 19. a3 Bd6 20. Qh4 e5
21. Rh3 f5 22. Bxf5 gxf5 23. Rg3+ Kf7 24. fxe5 Rxe5 25. Bxe5 Bxe5 26. Qxh7+ 1-0

[Event "43. Olimpiada Batumi 2018 Femenina"]
[Site "Batumi GEO"]
[Date "2018.10.02"]
[Round "8.4"]
[White "Brunello, Marina"]
[Black "Yu, Jennifer"]
[Result "1/2-1/2"]
[WhiteElo "2294"]
[BlackElo "2268"]
[PlyCount "116"]
[EventDate "2018.09.24"]
[EventType "team-swiss"]
[EventRounds "11"]
[EventCountry "GEO"]
[SourceTitle "Ajedrez en Madrid"]
[Source "lmi"]
[SourceDate "2018.09.24"]
[WhiteTeam "Italy"]
[BlackTeam "United States of America"]
[WhiteTeamCountry "ITA"]

1. e4 e5 2. Nf3 Nf6 3. Nxe5 d6 4. Nf3 Nxe4 5. Nc3 Nxc3 6. dxc3 Be7 7. Be3 Nc6
8. Bc4 Be6 9. Bxe6 fxe6 10. Nd4 Nxd4 11. Qxd4 e5 12. Qe4 c6 13. O-O-O O-O 14.
h4 Qc8 15. f3 Qf5 16. c4 Qxe4 17. fxe4 Kf7 18. Kd2 Ke6 19. Ke2 a6 20. h5 b5 21.
b3 Rfb8 22. Kd3 bxc4+ 23. bxc4 Rb2 24. a3 Rab8 25. Bd2 Ra2 26. Ra1 Rbb2 27.
Rxa2 Rxa2 28. Bb4 a5 29. Bc3 Rxa3 30. h6 Kf7 31. Rf1+ Kg6 32. hxg7 Kxg7 33. Rb1
a4 34. Rb7 Kf8 35. Kd2 Bg5+ 36. Kd3 Bh4 37. Rb1 Ke8 38. Rh1 Bd8 39. Kd2 Bg5+
40. Kd3 h6 41. Rh3 Bc1 42. Ke2 Kd7 43. Kd1 Bg5 44. Rd3 Kc8 45. c5 dxc5 46. Bxe5
Rxd3+ 47. cxd3 Kd7 48. Kc2 Ke6 49. Bc7 Bf6 50. Kb1 Be5 51. Bd8 Bd6 52. Bh4 Bf4
53. Ka2 Bc1 54. Bg3 h5 55. Bc7 Kd7 56. Bg3 Ke6 57. Bc7 Kd7 58. Bg3 Ke6 1/2-1/2

[Event "43. Olimpiada Batumi 2018 Femenina"]
[Site "Batumi GEO"]
[Date "2018.10.02"]
[Round "8.1"]
[White "Hoang, Thanh Trang"]
[Black "Koneru, Humpy"]
[Result "1-0"]
[WhiteElo "2423"]
[BlackElo "2557"]
[PlyCount "99"]
[EventDate "2018.09.24"]
[EventType "team-swiss"]
[EventRounds "11"]
[EventCountry "GEO"]
[SourceTitle "Ajedrez en Madrid"]
[Source "lmi"]
[SourceDate "2018.09.24"]
[WhiteTeam "Hungary"]
[BlackTeam "India"]
[WhiteTeamCountry "HUN"]
[BlackTeamCountry "IND"]

1. d4 Nf6 2. Nf3 d5 3. e3 e6 4. Bd3 b6 5. Nbd2 Bb7 6. b3 Bd6 7. Bb2 O-O 8. O-O
Ne4 9. Ne5 f6 10. Nec4 Nxd2 11. Nxd2 f5 12. f4 Nd7 13. g4 g5 14. gxf5 exf5 15.
Qh5 gxf4 16. Bxf5 Nf6 17. Qh3 Bc8 18. exf4 Bxf5 19. Qxf5 Qc8 20. Qxc8 Raxc8 21.
Rae1 Nh5 22. f5 Bf4 23. Nf3 Rxf5 24. Ba3 Rf7 25. Ne5 Bxe5 26. Rxe5 Rxf1+ 27.
Kxf1 Nf6 28. Be7 Kf7 29. Bxf6 Kxf6 30. Rxd5 Rf8 31. Ke2 Ke6 32. Rh5 Rf7 33. Ke3
c6 34. c4 a5 35. Rh6+ Kd7 36. d5 Re7+ 37. Kd4 cxd5 38. cxd5 Re2 39. Rxh7+ Kd6
40. Rh6+ Kc7 41. a4 Rb2 42. Kc4 Rc2+ 43. Kb5 Rc5+ 44. Ka6 Rxd5 45. Rxb6 Rh5 46.
Rb5 Rxh2 47. Kxa5 Rh8 48. Rc5+ Kd6 49. b4 Rb8 50. Rc3 1-0

[Event "43. Olimpiada Batumi 2018 Femenina"]
[Site "Batumi GEO"]
[Date "2018.10.02"]
[Round "8.2"]
[White "Harika, Dronavalli"]
[Black "Gara, Anita"]
[Result "1/2-1/2"]
[WhiteElo "2500"]
[BlackElo "2370"]
[PlyCount "82"]
[EventDate "2018.09.24"]
[EventType "team-swiss"]
[EventRounds "11"]
[EventCountry "GEO"]
[SourceTitle "Ajedrez en Madrid"]
[Source "lmi"]
[SourceDate "2018.09.24"]
[WhiteTeam "India"]
[BlackTeam "Hungary"]
[WhiteTeamCountry "IND"]
[BlackTeamCountry "HUN"]

1. c4 d6 2. Nc3 g6 3. d4 Bg7 4. Nf3 Nf6 5. g3 O-O 6. Bg2 c6 7. O-O Bf5 8. b3
Ne4 9. Bb2 Nxc3 10. Bxc3 Be4 11. Rc1 Nd7 12. Re1 d5 13. e3 Re8 14. Qe2 e6 15.
Bf1 Bxf3 16. Qxf3 Qb6 17. Red1 Rad8 18. Qe2 Qc7 19. Qc2 Nf6 20. Be1 Qe7 21. Bg2
Rd7 22. b4 a6 23. b5 axb5 24. cxb5 cxb5 25. Bf1 Ra8 26. Bxb5 Rdd8 27. a4 Ne8
28. Qb3 Bf8 29. a5 Nd6 30. Bd3 Rdc8 31. Bb4 Qd7 32. Kg2 Nc4 33. Bxf8 Nxa5 34.
Rxc8 Qxc8 35. Qb5 Kxf8 36. Ra1 Nc4 37. Rxa8 Qxa8 38. e4 Qa2 39. Qxb7 Kg7 40.
Bxc4 Qxc4 41. exd5 exd5 1/2-1/2

[Event "43. Olimpiada Batumi 2018 Femenina"]
[Site "Batumi GEO"]
[Date "2018.10.02"]
[Round "8.3"]
[White "Gara, Ticia"]
[Black "Tania, Sachdev"]
[Result "1-0"]
[WhiteElo "2321"]
[BlackElo "2400"]
[PlyCount "115"]
[EventDate "2018.09.24"]
[EventType "team-swiss"]
[EventRounds "11"]
[EventCountry "GEO"]
[SourceTitle "Ajedrez en Madrid"]
[Source "lmi"]
[SourceDate "2018.09.24"]
[WhiteTeam "Hungary"]
[BlackTeam "India"]
[WhiteTeamCountry "HUN"]
[BlackTeamCountry "IND"]

1. Nf3 d5 2. g3 c5 3. Bg2 Nc6 4. d4 Nf6 5. O-O e6 6. c4 dxc4 7. dxc5 Qa5 8. Qc2
Qxc5 9. Na3 c3 10. Qxc3 Nd5 11. Qxc5 Bxc5 12. Bd2 O-O 13. Rac1 b6 14. Nb5 Ba6
15. a4 Rac8 16. Rfd1 h6 17. Bf1 Bb7 18. Bg2 Rfd8 19. Be1 Ba6 20. Bf1 Bb7 21.
Bg2 Ba6 22. Bf1 f5 23. Nd2 Nf6 24. Nb3 Rxd1 25. Rxd1 Be7 26. Bg2 Ne4 27. Rd7
Bf6 28. Bxe4 fxe4 29. Bc3 Bxc3 30. Nxc3 Rd8 31. Rxd8+ Nxd8 32. e3 Nf7 33. Nxe4
Bb7 34. Nc3 Kf8 35. Nd4 Ke7 36. Kf1 Ne5 37. Ke2 a6 38. f4 Nc4 39. b3 Nd6 40.
Kd3 Nf7 41. e4 g5 42. e5 gxf4 43. gxf4 Nh8 44. Ne4 Ng6 45. Ke3 Nh4 46. Nd6 Bd5
47. Nc8+ Kf7 48. Nxb6 Ng2+ 49. Kd2 Nxf4 50. Nxd5 Nxd5 51. Kd3 h5 52. Kc4 Ne3+
53. Kc5 Ng4 54. Nf3 Kg6 55. b4 Kf5 56. b5 axb5 57. a5 Ne3 58. a6 1-0

[Event "43. Olimpiada Batumi 2018 Femenina"]
[Site "Batumi GEO"]
[Date "2018.10.02"]
[Round "8.4"]
[White "Karavade, Eesha"]
[Black "Terbe, Julianna"]
[Result "1/2-1/2"]
[WhiteElo "2374"]
[BlackElo "2260"]
[PlyCount "82"]
[EventDate "2018.09.24"]
[EventType "team-swiss"]
[EventRounds "11"]
[EventCountry "GEO"]
[SourceTitle "Ajedrez en Madrid"]
[Source "lmi"]
[SourceDate "2018.09.24"]
[WhiteTeam "India"]
[BlackTeam "Hungary"]
[WhiteTeamCountry "IND"]
[BlackTeamCountry "HUN"]

1. c4 c6 2. Nf3 d5 3. e3 Nf6 4. Nc3 a6 5. Qc2 e6 6. b3 c5 7. cxd5 exd5 8. d4
Be6 9. dxc5 Bxc5 10. Be2 Nc6 11. O-O O-O 12. Bb2 Rc8 13. Rad1 Qe7 14. Qb1 Rfd8
15. Na4 Ba7 16. Qa1 b5 17. Nc3 d4 18. exd4 Nxd4 19. Nxd4 Rxd4 20. Rxd4 Bxd4 21.
Bf3 b4 22. Ne4 Bxb2 23. Qxb2 Nxe4 24. Bxe4 a5 25. Rc1 Rxc1+ 26. Qxc1 g6 27. Qe3
Qf6 28. Qd3 Kg7 29. Qb1 h5 30. h3 Qd4 31. Kf1 a4 32. Bc2 a3 33. Bd3 Qc3 34. Ke2
Qe5+ 35. Kf1 Bf5 36. Bxf5 gxf5 37. Qc1 Kg6 38. Qd2 f6 39. f4 Qe4 40. Kf2 h4 41.
Kf1 Qb1+ 1/2-1/2

[Event "43. Olimpiada Batumi 2018 Femenina"]
[Site "Batumi GEO"]
[Date "2018.10.02"]
[Round "8.1"]
[White "Melia, Salome"]
[Black "Mammadzada, Gunay"]
[Result "0-1"]
[WhiteElo "2391"]
[BlackElo "2438"]
[PlyCount "68"]
[EventDate "2018.09.24"]
[EventType "team-swiss"]
[EventRounds "11"]
[EventCountry "GEO"]
[SourceTitle "Ajedrez en Madrid"]
[Source "lmi"]
[SourceDate "2018.09.24"]
[WhiteTeam "Georgia 2"]
[BlackTeam "Azerbaijan"]
[BlackTeamCountry "AZE"]

1. e4 c5 2. Nf3 d6 3. Bb5+ Nd7 4. d4 Ngf6 5. O-O cxd4 6. Qxd4 a6 7. Bxd7+ Bxd7
8. Bg5 Bc6 9. Nbd2 e6 10. Nc4 Be7 11. Bxf6 gxf6 12. Nb6 Rb8 13. Nd2 Rg8 14. g3
h5 15. Rfe1 Kf8 16. Qe3 Rg7 17. Ndc4 h4 18. Rad1 hxg3 19. fxg3 Qc7 20. b3 Rg4
21. Nd5 exd5 22. exd5 Bb5 23. Qh6+ Kg8 24. Ne3 Rg6 25. Qf4 Bf8 26. Nf5 Qxc2 27.
Rc1 Qxa2 28. Nxd6 Bh6 29. Qf5 Bxc1 30. Rxc1 Qa3 31. Qf4 Rd8 32. Nf5 Bd7 33. Nd4
Rg4 34. Qc7 Rc8 0-1

[Event "43. Olimpiada Batumi 2018 Femenina"]
[Site "Batumi GEO"]
[Date "2018.10.02"]
[Round "8.2"]
[White "Mamedjarova, Zeinab"]
[Black "Charkhalashvili, Inga"]
[Result "0-1"]
[WhiteElo "2358"]
[BlackElo "2317"]
[PlyCount "124"]
[EventDate "2018.09.24"]
[EventType "team-swiss"]
[EventRounds "11"]
[EventCountry "GEO"]
[SourceTitle "Ajedrez en Madrid"]
[Source "lmi"]
[SourceDate "2018.09.24"]
[WhiteTeam "Azerbaijan"]
[BlackTeam "Georgia 2"]
[WhiteTeamCountry "AZE"]

1. d4 d5 2. e3 Nf6 3. Bd3 g6 4. Nd2 Bg7 5. Ngf3 O-O 6. O-O c5 7. c3 Nbd7 8. Re1
b6 9. a4 Bb7 10. a5 Qc7 11. Bf1 e5 12. dxe5 Nxe5 13. Nxe5 Qxe5 14. Qb3 Qc7 15.
h3 Rfd8 16. c4 Rab8 17. cxd5 Nxd5 18. e4 Nb4 19. axb6 axb6 20. Nf3 Nc6 21. Bg5
Rd7 22. Bh4 Nd4 23. Nxd4 Rxd4 24. Bg3 Be5 25. Bxe5 Qxe5 26. Ra7 Bd5 27. Qc3 Be6
28. Qe3 Rb4 29. f4 Qd4 30. Qxd4 Rxd4 31. Ba6 Rbd8 32. Bb7 Rd2 33. Rb1 Rd1+ 34.
Rxd1 Rxd1+ 35. Kh2 Rb1 36. g4 Rxb2+ 37. Kg3 Rb3+ 38. Kh2 Rb2+ 39. Kg3 Ra2 40.
Rxa2 Bxa2 41. g5 c4 42. Kf3 c3 43. Ke3 b5 44. Kd3 b4 45. Kc2 Be6 46. h4 Kf8 47.
Ba6 Ke7 48. Bd3 Kd6 49. h5 gxh5 50. e5+ Ke7 51. Bxh7 Bd5 52. Bf5 h4 53. Bh3 Kf8
54. f5 Kg7 55. Bg4 Bg2 56. e6 fxe6 57. f6+ Kf7 58. Bh5+ Kf8 59. g6 Be4+ 60. Kb3
h3 61. g7+ Kg8 62. Bg4 Bd5+ 0-1

[Event "43. Olimpiada Batumi 2018 Femenina"]
[Site "Batumi GEO"]
[Date "2018.10.02"]
[Round "8.3"]
[White "Gvetadze, Sofio"]
[Black "Balajayeva, Khanim"]
[Result "0-1"]
[WhiteElo "2325"]
[BlackElo "2326"]
[PlyCount "88"]
[EventDate "2018.09.24"]
[EventType "team-swiss"]
[EventRounds "11"]
[EventCountry "GEO"]
[SourceTitle "Ajedrez en Madrid"]
[Source "lmi"]
[SourceDate "2018.09.24"]
[WhiteTeam "Georgia 2"]
[BlackTeam "Azerbaijan"]
[BlackTeamCountry "AZE"]

1. Nf3 d5 2. g3 Nf6 3. Bg2 c6 4. O-O Bf5 5. d3 h6 6. Nbd2 e6 7. c4 Be7 8. b3
O-O 9. Bb2 Nbd7 10. Rc1 a5 11. cxd5 exd5 12. Nd4 Bh7 13. e4 Re8 14. Re1 Bb4 15.
a3 Bxd2 16. Qxd2 dxe4 17. dxe4 Bxe4 18. Bxe4 Nxe4 19. Qc2 Ndf6 20. Rcd1 Qd5 21.
Nf3 Qh5 22. Nh4 Rad8 23. f3 Rxd1 24. Rxd1 Nd5 25. Re1 Nef6 26. Qd2 Rxe1+ 27.
Qxe1 g5 28. Bxf6 Nxf6 29. Qe5 gxh4 30. Qxf6 h3 31. b4 axb4 32. axb4 Qg5 33. Qc3
Qd5 34. Kf1 Qd1+ 35. Kf2 Qh1 36. Ke3 Qxh2 37. Kf4 Qe2 38. Qd4 h2 39. Qa1 Qd2+
40. Kf5 Qg5+ 41. Ke4 Qxg3 42. Qd1 Qg1 43. Qd8+ Kh7 44. Qd7 Qg6+ 0-1

[Event "43. Olimpiada Batumi 2018 Femenina"]
[Site "Batumi GEO"]
[Date "2018.10.02"]
[Round "8.4"]
[White "Mammadova, Gulnar"]
[Black "Khukhashvili, Sopiko"]
[Result "1/2-1/2"]
[WhiteElo "2355"]
[BlackElo "2301"]
[PlyCount "75"]
[EventDate "2018.09.24"]
[EventType "team-swiss"]
[EventRounds "11"]
[EventCountry "GEO"]
[SourceTitle "Ajedrez en Madrid"]
[Source "lmi"]
[SourceDate "2018.09.24"]
[WhiteTeam "Azerbaijan"]
[BlackTeam "Georgia 2"]
[WhiteTeamCountry "AZE"]

1. e4 c5 2. Nf3 Nc6 3. Bb5 e5 4. O-O Bd6 5. c3 a6 6. Ba4 b5 7. Bc2 Nge7 8. a4
b4 9. d4 cxd4 10. cxd4 exd4 11. Nbd2 Bc5 12. Nb3 d6 13. Nfxd4 Ne5 14. Bg5 f6
15. Bh4 O-O 16. f4 N5g6 17. Bg3 Qb6 18. a5 Qa7 19. Kh1 Bd7 20. h4 Nc6 21. Nf3
Nge7 22. e5 Bf5 23. Nxc5 dxc5 24. Bxf5 Nxf5 25. Qd5+ Qf7 26. Qxf7+ Rxf7 27. Bf2
fxe5 28. fxe5 Nfd4 29. Nxd4 Nxd4 30. Bxd4 cxd4 31. e6 Re7 32. Rad1 Rd8 33. Rfe1
Rd6 34. Rd3 Rexe6 35. Rxe6 Rxe6 36. Rxd4 b3 37. Rb4 Re5 38. Rxb3 1/2-1/2

[Event "43. Olimpiada Batumi 2018 Femenina"]
[Site "Batumi GEO"]
[Date "2018.10.02"]
[Round "8.1"]
[White "Dzagnidze, Nana"]
[Black "Saduakassova, Dinara"]
[Result "1/2-1/2"]
[WhiteElo "2509"]
[BlackElo "2474"]
[PlyCount "90"]
[EventDate "2018.09.24"]
[EventType "team-swiss"]
[EventRounds "11"]
[EventCountry "GEO"]
[SourceTitle "Ajedrez en Madrid"]
[Source "lmi"]
[SourceDate "2018.09.24"]
[WhiteTeam "Georgia 1"]
[BlackTeam "Kazakhstan"]
[BlackTeamCountry "KAZ"]

1. d4 Nf6 2. c4 e6 3. Nf3 b6 4. g3 Bb7 5. Bg2 Bb4+ 6. Bd2 c5 7. Bxb4 cxb4 8.
O-O O-O 9. Qd3 d6 10. Rd1 Qc7 11. Qb3 a5 12. a3 Rc8 13. axb4 Qxc4 14. Qxc4 Rxc4
15. Nfd2 Rc7 16. Bxb7 Rxb7 17. Rc1 Nbd7 18. Rc6 Kf8 19. Nc3 Ke7 20. e4 d5 21.
e5 Ne8 22. Nb5 Rbb8 23. Ra4 axb4 24. Rxb4 Rc8 25. Rc3 Rxc3 26. bxc3 Ra2 27. Nf3
f6 28. h4 Ra6 29. Kg2 Nb8 30. Rb2 Nc6 31. g4 Kd7 32. Kg3 Ra1 33. Kf4 Rc1 34.
exf6 gxf6 35. g5 Rf1 36. gxf6 Nxf6 37. Ne5+ Nxe5 38. dxe5 Ne4 39. f3 Nc5 40.
Ra2 Nd3+ 41. Kg5 Nxe5 42. Ra7+ Kc6 43. Nd4+ Kd6 44. f4 Rg1+ 45. Kh6 Ng4+
1/2-1/2

[Event "43. Olimpiada Batumi 2018 Femenina"]
[Site "Batumi GEO"]
[Date "2018.10.02"]
[Round "8.2"]
[White "Abdumalik, Zhansaya"]
[Black "Javakhishvili, Lela"]
[Result "1-0"]
[WhiteElo "2482"]
[BlackElo "2475"]
[PlyCount "103"]
[EventDate "2018.09.24"]
[EventType "team-swiss"]
[EventRounds "11"]
[EventCountry "GEO"]
[SourceTitle "Ajedrez en Madrid"]
[Source "lmi"]
[SourceDate "2018.09.24"]
[WhiteTeam "Kazakhstan"]
[BlackTeam "Georgia 1"]
[WhiteTeamCountry "KAZ"]

1. e4 e6 2. d4 d5 3. Nc3 Bb4 4. e5 b6 5. a3 Bf8 6. h4 c5 7. Nf3 Nc6 8. h5 a6 9.
Bf4 Nge7 10. Ne2 h6 11. g3 Bb7 12. Bg2 Qd7 13. Qd2 Nf5 14. c3 Na5 15. g4 Ne7
16. Qc2 Bc6 17. b4 Ba4 18. Qa2 Nc4 19. Nd2 Nxd2 20. Qxd2 Nc6 21. Be3 a5 22.
bxc5 bxc5 23. O-O c4 24. f4 Bb3 25. f5 a4 26. Nf4 O-O-O 27. Bh3 Re8 28. Rf3 Nd8
29. Qf2 Be7 30. Ng2 Rhg8 31. Qd2 Rh8 32. Qb2 Bf8 33. Raf1 Be7 34. Qc1 Kb7 35.
Nf4 Ka6 36. Bg2 Rhg8 37. Ne2 Rh8 38. fxe6 fxe6 39. Nf4 Rhf8 40. Ng6 Rxf3 41.
Rxf3 Qb7 42. Nxe7 Qxe7 43. g5 Nf7 44. gxh6 gxh6 45. Rf6 Rg8 46. Kh2 Ka5 47. Bh3
Ng5 48. Bxg5 Rxg5 49. Rxe6 Qf7 50. Qe3 Rxh5 51. Rf6 Qe7 52. Qf3 1-0